000 00376nam a2200145Ia 4500
008 220204s9999 xx 000 0 und d
082 _a581.5
_bGIB
100 _aGIBSON, James J
245 0 _aEcological approach to visual perception
260 _aBoston
_bHoughton Mifflin
_c1979
650 _aEcology
650 _aEnvironment
650 _aVisual perception
942 _cBK
999 _c33394
_d33394